01660nam a2200421 i 450000100060000000300080000600500170001400600190003100700150005000800410006502000180010602000280012403500220015204000310017405000200020508000110022508200160023610000500025224501710030225000190047326400290049230000410052133600290056233700330059133800390062449000240066350400290068758800830071659001620079965000250096165500270098670000450101370000600105879700180111883000220113685600630115899900170122163746FINmELB20241217142351.0m o u cr cn|||||||||220721s2023 sp ob 000 0 spa d z9788490906774 a9788490906781q(e-book) a(OCoLC)1390972431 aFINmELBbspaerdacFINmELB14aK675bD431 2023 a347.6204a346.0162231 aMartínez Ortega, Juan Carlos,ecoordinador.10aDerecho matrimonial y donación /ccoordinador Juan Carlos Martínez Ortega ; autores Rafael Rodríguez Domínguez, José Ramón Infante González de la Aleja. a2a. edición. 1aMadrid :bLa Ley,c2023. a1 recurso en línea (459 páginas) atextobtxt2rdamedia/spa acomputadorabc2rdamedia/spa arecurso en línea2rdacarrier/spa1 aLa Oficina Notarial aContiene bibliografía. aDescripción basada en metadatos suministrados por el editor y otras fuentes. aRecurso electrónico. Santa Fe, Arg.: elibro, 2021. Disponible vía World Wide Web. El acceso puede estar limitado para las bibliotecas afiliadas a elibro. 4aMatrimonio (Derecho) 4aLibros electrónicos.1 aRodríguez Domínguez, Rafael,eautor.1 aGonzález de la Aleja, José Ramón Infante,eautor.2 aelibro, Corp. 0aOficina Notarial.40uhttps://elibro.net/ereader/politecnicointernacional/230027 c63746d63746